000 00852nam a2200229 i 4500
001 182673
003 ES-MaACL
005 20250902225551.0
008 131009s2012 sp | |||||||| | spa d
020 _a978-84-92705-19-1
080 _a821.134.2(87)-4"19"
100 0 _aMontejo, Eugenio.
_982440
245 1 3 _aEl taller blanco y otros ensayos /
_cEugenio Montejo.
260 _aSevilla :
_bSibila :
_bFundación BBVA,
_cimp. 2012.
300 _a214 p. ;
_c21 cm.
490 1 _aBiblioteca Sibila-Fundación BBVA de poesía en español ;
_v30. Ensayo
830 0 _aBiblioteca Sibila-Fundación BBVA de poesía en español ;
_v30. Ensayo
_9191809
852 _aES-MaACL
_jA-12837
_9189590
_bR.149051
_cDEPO1
_dOlim: N-5837
_xDonación: Fundación BBVA
914 _aFundación BBVA
_ednr
_94230
942 _2udc
_cMONOGRAFIA
999 _c182673
_d182673